000 00965nam a2200241Ia 4500
003 OSt
005 20220923221112.0
006 a|||||r|||| 00| 0
007 ta
008 220922b |||||||| |||| 00| 0 hin d
024 _a195,199
037 _cTextual
040 _aARTS
_cARTS
_bhin
041 _2hin
_ahin
082 _aR, 152L4
100 _aहॉस्पर्स, जॉन; भट्ट्, गोवधर्न, अनु.
_9158112
245 0 _aदार्शनिक विश्लेषण परिचय, गोवधर्न भट्ट अनु
246 _aDārshanik vishleṣhaṇ parichaya, govadharna bhaṭṭa anu0
260 _aपटना
_b बिहार हिन्दी ग्रंथ अकादमी
_c1974
300 _a926]122पृ.
_ccm.
942 _hR, 152L4
_cTEXL
_2CC
999 _c347439
_d347439